Investiční trh - k některým východiskům jeho formování na počátku devadesátých let

Uložené v:
Podrobná bibliografia
Hlavný autor: Koumarová, Miluše
Ďalší autori: Markovič, Petr, Ambrož, Luděk
Médium: Kniha
Jazyk:Czech
Vydavateľské údaje: Praha Ústřední ústav národohospodářského výzkumu 1991
Vydanie:1. vyd.
Tagy: Pridať tag
Žiadne tagy, Buďte prvý, kto otaguje tento záznam!

MARC

LEADER 00000nam a2200000 4500
001 c024762
005 20221214093854.9
041 0 |a cze 
044 |a CZ 
245 1 0 |a Investiční trh - k některým východiskům jeho formování na počátku devadesátých let  |c Miluše Koumarová, Petr Markovič, Luděk Ambrož 
250 |a 1. vyd. 
264 1 |a Praha  |b Ústřední ústav národohospodářského výzkumu  |c 1991 
300 |a 54 s. 
100 1 |a Koumarová, Miluše 
700 1 |a Markovič, Petr 
700 1 |a Ambrož, Luděk